| 000 | 00792nam a22002657a 4500 | ||
|---|---|---|---|
| 003 | CHAP | ||
| 005 | 20220329135038.0 | ||
| 008 | 971013s1972 r 00010 d | ||
| 010 | _a30060 | ||
| 011 | _a31032 | ||
| 035 | _a35144 | ||
| 040 | _cCHAP | ||
| 082 |
_a633.18 _bL5 |
||
| 100 | 0 | 0 |
_aLing, K. C. _966977 |
| 245 | _aRice virus diseases | ||
| 260 |
_aLos BaƱos : _bPhilippines International Rice Research Institute, _c1972 |
||
| 300 |
_a134 p. _b: ilus. |
||
| 590 |
_aBATCH-UPD _b10 _c20130110 _lUCH01 _h0246 |
||
| 590 |
_aBATCH-UPD _b10 _c20130110 _lUCH01 _h2330 |
||
| 590 |
_aCONVERSION _b10 _c20130109 _lUCH01 _h1317 |
||
| 650 | 1 | 4 |
_aArroz _xEnfermedades por virus. _97602 |
| 901 | _aBK | ||
| 942 | _cLIBRO | ||
| 949 |
_a633.18 L5 _bBC _cLIBRO _d33724000397329 _eLIBRO _h33518 _i35144 _mD _si |
||
| 999 |
_c30060 _d30060 |
||